Statistics for Toronto Maple Leafs Roster

Click here to take the quiz!

General Stats

  • This quiz has been taken 44 times
    (9 since last reset)
  • The average score is 19 of 27

Answer Stats

PositionAnswer% Correct
CenterAuston Matthews
100%
GoaltenderJoseph Woll
100%
Right WingMitch Marner
100%
DefensemanMorgan Rielly
100%
GoaltenderIlya Samsonov
86%
CenterJohn Tavares
86%
DefensemanMark Giordano
86%
Right WingRyan Reaves
86%
Left WingTyler Bertuzzi
86%
CenterWilliam Nylander
86%
CenterDavid Kämpf
71%
Left WingMatthew Knies
71%
Left WingMax Domi
71%
Left WingNicholas Robertson
71%
DefensemanT.J. Brodie
71%
CenterCalle Järnkrok
57%
DefensemanIlya Lyubushkin
57%
DefensemanJake McCabe
57%
DefensemanJohn Klingberg
57%
GoaltenderMartin Jones
57%
Right WingPontus Holmberg
57%
DefensemanSimon Benoit
57%
CenterBobby McMann
43%
CenterConnor Dewar
43%
DefensemanConor Timmins
43%
DefensemanTimothy Liljegren
43%
CenterNoah Gregor
14%

Score Distribution

Percentile by Number Answered

Percent of People with Each Score

Your Score History

You have not taken this quiz since the last reset